Économie générale
Salvato in:
| Autore principale: | |
|---|---|
| Natura: | Libro |
| Lingua: | francese |
| Pubblicazione: |
Paris
Bordas
1991
|
| Edizione: | 1. éd. |
| Soggetti: | |
| Tags: |
Nessun Tag, puoi essere il primo ad aggiungerne!!
|
MARC
| LEADER | 00000nam a2200000 4500 | ||
|---|---|---|---|
| 001 | c001288 | ||
| 005 | 20221214102035.9 | ||
| 020 | |a 2-04-019836-9 | ||
| 041 | 0 | |a fre | |
| 044 | |a FR | ||
| 245 | 1 | 0 | |a Économie générale |c Frédéric Poulon |
| 250 | |a 1. éd. | ||
| 264 | 1 | |a Paris |b Bordas |c 1991 | |
| 300 | |a 423 s. | ||
| 610 | 2 | 0 | |a veda ekonomická |
| 610 | 2 | 0 | |a teórie ekonomické |
| 610 | 2 | 0 | |a rast hospodársky |
| 610 | 2 | 0 | |a rovnováha hospodárska |
| 610 | 2 | 0 | |a makroekonomika |
| 610 | 2 | 0 | |a Quesney, F. |
| 610 | 2 | 0 | |a kapitalizmus |
| 610 | 2 | 0 | |a marxizmus |
| 610 | 2 | 0 | |a faktory výrobné |
| 610 | 2 | 0 | |a keynesizmus |
| 610 | 2 | 0 | |a kríza hospodárska |
| 610 | 2 | 0 | |a mechanizmus hospodársky |
| 610 | 2 | 0 | |a cykly hospodárske |
| 610 | 2 | 0 | |a hospodárstvo národné |
| 610 | 2 | 0 | |a vzťahy medziodvetvové |
| 610 | 2 | 0 | |a modely makroekonomické |
| 610 | 2 | 0 | |a úver |
| 610 | 2 | 0 | |a investície |
| 610 | 2 | 0 | |a financie podnikové |
| 610 | 2 | 0 | |a obeh peňažný |
| 610 | 2 | 0 | |a riadenie podnikové |
| 610 | 2 | 0 | |a spotreba |
| 610 | 2 | 0 | |a úspory |
| 100 | 1 | |a Poulon, Frédéric | |